00773nam a2200229Ia 4500003000400000005001700004008004100021020001800062040001800080041000800098082002000106100002200126245011200148250001200260260007000272300002900342650004100371650004900412650004200461700002100503700001900524OSt20260303101417.0210716s2015 xx 000 0 und d a9789352132294 cAIMIT LIBRARY aeng a384.3 24bROSL aRosenfeld, Louis. aInformation architecture : bfor the web and beyond /cBy Louis Rosenfeld, Peter Morville and Jorge Arango. a4th ed. aNew Delhi :bShroff Publishers and Distributors Pvt Ltd ,c2015. axix,461p. ;bPBc23.5 cm aIntroducing information architecture aBasic principles of information architecture aGetting information architecture done aMorville, Peter. aArango, Jorge.